| 000 | 01609nam a2200445 i 4500 | ||
|---|---|---|---|
| 001 | 6482 | ||
| 003 | KOSZ 005 | ||
| 005 | 20221227131821.0 | ||
| 008 | 970510s1993 pl f |000 0 pol | ||
| 015 | _aPB 1994/2236 | ||
| 020 | _a8385792031 | ||
| 035 | _a991000410199705066 | ||
| 035 | _a(PL-WaBN)b10152994-48omnis_nlop | ||
| 035 | _ab10152994 | ||
| 035 | _a(OCoLC)749602535 | ||
| 035 | _a(PL)b0000001015299 | ||
| 035 | _a(EXLNZ-48OMNIS_NETWORK)9910427216405606 | ||
| 040 |
_aWA N _cWA N _dKOSZ 005/EG |
||
| 080 | _a 502.13/.14 | ||
| 080 | _a(438) | ||
| 100 | 1 |
_aKozłowski, Stefan _d(1928-2007) _eAutor |
|
| 245 | 1 | 0 |
_aEkorozwój w gminie : _bmateriały informacyjne do przygotowania programu ekorozwoju gminy / _cStefan Kozłowski ; Europejskie Stowarzyszenie Ekonomistów Środowiska i Zasobów Naturalnych. Oddział Polski. |
| 260 |
_aBiałystok ; Kraków : _bWydaw. Ekonomia i Środowisko : Fundacja Ekonomistów Środowiska, _c1993. |
||
| 300 |
_a104, [1] s. ; _c23 cm. |
||
| 336 |
_2rdacontent _aTekst _btxt |
||
| 337 |
_2rdamedia _aBez urządzenia pośredniczącego _bn |
||
| 338 |
_2rdacarrier _aWolumin _bnc |
||
| 380 | _aKsiążki | ||
| 388 | _a1901-2000 | ||
| 388 | _a1989-2000 | ||
| 504 | _aBibliogr. s. [105]. | ||
| 650 | 7 |
_aRozwój zrównoważony _2DBN |
|
| 651 | _aPolska | ||
| 655 | 7 |
_aPoradniki _2DBN |
|
| 658 | _aOchrona środowiska | ||
| 650 | 7 |
_aGospodarka regionalna _2DBN |
|
| 856 |
_uhttp://koha.tu.koszalin.pl/cgi-bin/koha/opac-detail.pl?biblionumber=6482 _yKatalog online BPK |
||
| 942 |
_2UKD _cKS |
||
| 999 |
_c6482 _d6482 |
||